The Antioch factor : (Record no. 114)

MARC details
000 -LEADER
fixed length control field 00460nam a2200181Ia 4500
003 - CONTROL NUMBER IDENTIFIER
control field OSt
005 - DATE AND TIME OF LATEST TRANSACTION
control field 20241126110330.0
008 - FIXED-LENGTH DATA ELEMENTS--GENERAL INFORMATION
fixed length control field 160526b xxu||||| |||| 00| 0 eng d
020 ## - INTERNATIONAL STANDARD BOOK NUMBER
International Standard Book Number 1852402849
040 ## - CATALOGING SOURCE
Transcribing agency gbc
082 ## - DEWEY DECIMAL CLASSIFICATION NUMBER
Classification number 266.001
Item number PAT
100 ## - MAIN ENTRY--PERSONAL NAME
Personal name Paterson, Ross
9 (RLIN) 2230
245 ## - TITLE STATEMENT
Title The Antioch factor :
Remainder of title the hidden message of the book of Acts
260 ## - PUBLICATION, DISTRIBUTION, ETC.
Name of publisher, distributor, etc. SOVEREIGN WORLD,
Place of publication, distribution, etc. Tonbridge:
Date of publication, distribution, etc. 2000
300 ## - PHYSICAL DESCRIPTION
Extent 256p.
653 ## - INDEX TERM--UNCONTROLLED
Uncontrolled term Mission
942 ## - ADDED ENTRY ELEMENTS (KOHA)
Source of classification or shelving scheme Dewey Decimal Classification
Koha item type Books
Holdings
Withdrawn status Lost status Source of classification or shelving scheme Damaged status Not for loan Home library Current Library Shelving location Date acquired Total checkouts Full call number Barcode Date last seen Copy number Price effective from Koha item type
    Dewey Decimal Classification     GRACE BIBLE COLLEGE GRACE BIBLE COLLEGE Ministry & Mission 2016-05-26   266.001 PAT 006507 2025-05-01 c.1 2016-05-26 Books
© Grace Bible College Library 2025